Which of the Three IV Quiz Stats

 Plays Quiz Updated Oct 12, 2017

Score 0/15 Timer 04:00
1 Play Today
Question Answer Wrong Answers
Which of the three is a Dr. Seuss book? Hop on Pop
94.8%
Shop 'til You Drop
2.4%
Blitzkrieg Bop
2.7%
Which of the three is a musical? Jersey Boys
80.6%
Jersey Shore
6.5%
Jersey Girl
7.6%
Which of the three follows the line: 'I'll gladly pay you Tuesday ____? for a hamburger today.'
71.7%
for a taste of Ocean Spray.'
9.1%
to get out of my way'
12.4%
Which of the three movies starred Halle Berry? B*A*P*S
50.3%
Taps
38.2%
M*A*S*H
11%
Which of the three countries does not have Portuguese as an official language? Papua New Guinea
50.1%
Guinea-Bissau
24.9%
Equatorial Guinea
21.1%
Which of the three songs was not a Billboard #1? Dream a Little Dream of Me by Mama Cass
48%
Dreamlover by Mariah Carey
31%
All I Have to Do Is Dream by The Everly Brothers
18.2%
Which of the three is not a part of the High Holy Days? Pesach (Passover)
46%
Rosh Hashanah (Jewish New Year)
32.9%
Yom Kippur (Day of Atonement)
16%
Which of the three universities was not founded by a Founding Father of the United States Washington and Lee University
45.9%
University of Pennsylvania
31.8%
University of Virginia
15.8%
Which of the three is not from the subfamily Mustelinae? Mole
45.2%
Weasel
9.3%
Wolverine
43.2%
Which of the three did not win the Triple Crown? Seabiscuit
44.8%
Secretariat
8.3%
War Admiral
45.8%
Which of the three did not paint during the Renaissance? Henri Matisse
43.2%
Jan van Eyck
21.1%
Hieronymus Bosch
32.2%
Which of the three starred in all 110 episodes of Charlie's Angels? Jaclyn Smith
34.2%
Kate Jackson
30.1%
Farrah Fawcett
30.2%
Which of the three cities does not have shore on one of the Great Lakes? Detroit, Michigan
32.8%
Milwaukee, Wisconsin
35.2%
Buffalo, New York
27.6%
Which of the three is a Greek Deity? Uranus
30.1%
Venus
42.1%
Mars
22.1%
Which of the three trick-taking card games has no trump? Hearts
29.7%
Spades
16.1%
Pinochle
48%

You're not logged in!

Compare scores with friends on all Sporcle quizzes.
OR
Log In

You Might Also Like...

Show Comments

Extras

Top Quizzes Today


Score Distribution

Your Account Isn't Verified!

In order to create a playlist on Sporcle, you need to verify the email address you used during registration. Go to your Sporcle Settings to finish the process.

Report this User

Report this user for behavior that violates our Community Guidelines.

Details: